00684 2200217 4500001002100000005001500021035002000036007000300056008004100059020001800100082001500118084002100133100001600154245009300170250001000263260003300273300002100306500009400327650002000421990002500441INLIS00000000000290820260408025157 a0010-0426000018ta260408 g 1 ind  a9789790668416 a899. 221 3 a899. 221 3 ALF k0 aAlfira Gema1 aKecil- Kecil Punya Karya: Never Give Up :bKisah Gadis Cilik Korban Gempa /cAlfira Gema aed. 1 aBandung :bDAR! Mizan,c2012 a124 hlm ;c21 cm aKecil- Kecil Punya Karya: Never Give Up: Kisah Gadis Cilik Korban Gempa Karya Alfira Gema 4aFiksi Indonesia a05183/H/SMAN2TS/2026